Развитие горизонтальной технологии и особенности применения горизонтальных скважин при разработке нефтяных месторождений; Научная инициатива иностранных студентов и аспирантов российских вузов; Т. 1

Dades bibliogràfiques
Parent link:Научная инициатива иностранных студентов и аспирантов российских вузов: сборник докладов VII Всероссийской научно-практической конференции, Томск, 23-25 апреля 2014 г./ Ассоциация иностранных студентов в России (АИС); Национальный исследовательский Томский политехнический университет (ТПУ), Институт международного образования и языковой коммуникации (ИМОЯК).— , 2014
Т. 1.— 2014.— [С. 258-261]
Autor principal: Ле Тхи Тхуи Линь
Autor corporatiu: Национальный исследовательский Томский политехнический университет (ТПУ) Институт природных ресурсов (ИПР) Кафедра геологии и разработки нефтяных месторождений (ГРНМ)
Altres autors: Росляк А. Т. Александр Тихонович (научный руководитель)
Sumari:Заглавие с титульного экрана
Idioma:rus
Publicat: 2014
Matèries:
Accés en línia:http://www.lib.tpu.ru/fulltext/c/2014/C19/V1/051.pdf
Format: MixedMaterials Electrònic Capítol de llibre
KOHA link:https://koha.lib.tpu.ru/cgi-bin/koha/opac-detail.pl?biblionumber=611220

MARC

LEADER 00000naa2a2200000 4500
001 611220
005 20231101132639.0
035 |a (RuTPU)RU\TPU\conf\8956 
035 |a RU\TPU\conf\8955 
090 |a 611220 
100 |a 20150228d2014 k y0rusy50 ca 
101 0 |a rus 
102 |a RU 
105 |a y z 101zy 
135 |a drcn ---uucaa 
181 0 |a i  
182 0 |a b 
200 1 |a Развитие горизонтальной технологии и особенности применения горизонтальных скважин при разработке нефтяных месторождений  |f Ле Тхи Тхуи Линь  |g науч. рук. А. Т. Росляк 
203 |a Текст  |c электронный 
230 |a 1 компьютерный файл (pdf; 208 Кb) 
300 |a Заглавие с титульного экрана 
320 |a [Библиогр.: с. 261 (2 назв.)] 
337 |a Adobe Reader 
461 1 |0 (RuTPU)RU\TPU\conf\8104  |t Научная инициатива иностранных студентов и аспирантов российских вузов  |o сборник докладов VII Всероссийской научно-практической конференции, Томск, 23-25 апреля 2014 г.  |f Ассоциация иностранных студентов в России (АИС); Национальный исследовательский Томский политехнический университет (ТПУ), Институт международного образования и языковой коммуникации (ИМОЯК)  |o в 3 т.  |d 2014 
463 1 |0 (RuTPU)RU\TPU\conf\8105  |t Т. 1  |v [С. 258-261]  |d 2014 
610 1 |a труды учёных ТПУ 
610 1 |a электронный ресурс 
610 1 |a горизонтальные скважины 
610 1 |a нефтяные месторождения 
610 1 |a разработка 
610 1 |a месторождения 
610 1 |a флюид-породы 
700 0 |a Ле Тхи Тхуи Линь 
702 1 |a Росляк  |b А. Т.  |c геолог  |c профессор Томского политехнического университета, доктор технических наук  |f 1946-  |g Александр Тихонович  |2 stltpush  |4 727 
712 0 2 |a Национальный исследовательский Томский политехнический университет (ТПУ)  |b Институт природных ресурсов (ИПР)  |b Кафедра геологии и разработки нефтяных месторождений (ГРНМ)  |h 258  |2 stltpush  |3 (RuTPU)RU\TPU\col\18657 
801 2 |a RU  |b 63413507  |c 20150228  |g RCR 
856 4 |u http://www.lib.tpu.ru/fulltext/c/2014/C19/V1/051.pdf 
942 |c BK